| 000 | 00860nac a22002537a 4500 | ||
|---|---|---|---|
| 001 | BR9001535 | ||
| 003 | BR-BrBNA | ||
| 005 | 20240105121055.0 | ||
| 008 | 230509b bl.|||m| |||| 00| 0 por d | ||
| 040 |
_aBR-BrBNA _bpor _cBiblioteca Nacional de Agricultura |
||
| 072 | _aA50 | ||
| 090 | _aA50 BR9001535 | ||
| 100 | 1 | _aMota, I.F. (ed.) | |
| 110 | 1 |
_aEmpresa de Pesquisa Agropecuaria da Bahia S.A., Salvador (Brasil) _94094 |
|
| 245 | 1 | _aEPABA (Empresa de Pesquisa Agropecuaria da Bahia)- 10 anos; Desempenho e perspectivas | |
| 260 | 3 |
_aSalvador, BA (Brasil): _c1986. |
|
| 300 | _a44 p. | ||
| 490 |
_aDocumentos - Empresa de Pesquisa Agropecuaria da Bahia S.A. (Brazil) _vno. 12 _xISSN 0102-0846 |
||
| 500 | _a9 tables | ||
| 650 | _aPESQUISA AGRICOLA | ||
| 650 | _aBAHIA | ||
| 909 |
_a202312 _bLúcia Elande _c55 _dLúcia Elande |
||
| 942 |
_2AGRIS _n0 _cMS |
||
| 999 |
_c283124 _d283124 |
||